Informace v přípravě investiční výstavby

Uložené v:
Podrobná bibliografia
Hlavný autor: Peřich, Václav
Médium: Kniha
Jazyk:Czech
Vydavateľské údaje: Praha Ústředí vědeckých, technických a ekonomických informací 1987
Vydanie:1. vyd.
Tagy: Pridať tag
Žiadne tagy, Buďte prvý, kto otaguje tento záznam!

MARC

LEADER 00000nam a2200000 4500
001 c033283
005 20251111094926.5
041 0 |a cze 
044 |a CZ 
245 1 0 |a Informace v přípravě investiční výstavby  |c Václav Peřich 
250 |a 1. vyd. 
264 1 |a Praha  |b Ústředí vědeckých, technických a ekonomických informací  |c 1987 
300 |a 124 s. 
100 1 |a Peřich, Václav